Etsi 5 puuttuvaa Euroopan valtiota - Helppo - Statistics

Yleistilastot
  • Tätä visaa on pelattu 120 kertaa
    113 viimeisimmän päivityksen jälkeen
  • Keskiarvotulos 5 / 5
Vastaukset kartalla
Vastauksille on annettu kartalla punavihreä väri sen mukaan, kuinka moni on saanut sen oikein.
 
Vastaustilastot
Country % Oikein
Liettua
100%
Yhdistynyt kuningaskunta
97%
Latvia
96%
Ruotsi
96%
Suomi
96%
Venäjä
95%
Viro
94%
Ranska
93%
Ukraina
93%
Italia
92%
Saksa
90%
Tanska
89%
Espanja
88%
Norja
88%
Puola
86%
Ehtoja vastaavia visoja ei löytynyt
Tulosjakauma
Jokaisen tuloksen saaneiden osuus
Persentiili vastausten määrän mukaan
Tuloshistoriasi
Et ole pelannut tätä visaa sen viimeisimmän päivityksen jälkeen